00712nam a22002057a 4500999001900000005001700019010001500036020002700051035001400078037001300092082001300105245006800118260005600186270005700242300002000299500001900319700001800338942002700356952012300383 c160644d16064420190213163544.0 aENG-124764 a9788185984735c1800.00 aEN-108296 bDBAD/PUB a658.4092 aLeadership:bMaking lean a success/cby Per Petersson...[et.al] aMadrasbProductivity & Quality Publishing Pvt. Ltd. bMadrase600017k0091-4424344519mservice@kkbooks.com a259p.c25cm(Hb) aincludes index bPetersson Per 2ddccENh658.4092mLEA 001040708NFICaLbLd2019-02-07eDBAD/PUBg1800.00l0o658.4092 LEApEN-108296r2019-02-07 00:00:00t1v1800.00yEN